Top 20 Family Guy Charaktere - Statistiken

Allgemein
  • Dieses Quiz wurde 212 mal gespielt
  • Das Durchschnittsergebnis liegt bei 10 aus 20
Antwortstatistiken
Platzierung Family Guy Charakter % Korrekt
1. Peter Griffin
100%
6. Meg Griffin
96%
2. Lois Griffin
95%
4. Stewie Griffin
95%
3. Brian Griffin
93%
5. Chris Griffin
89%
9. Joe Swanson
83%
8. Cleveland Brown
78%
7. Glenn Quagmire
66%
11. Carter Pewterschmidt
37%
13. Herbert
34%
12. Mayor Adam West
28%
10. Tom Tucker
25%
14. Loretta Brown
14%
17. Ernie the Giant Chicken
13%
18. Barbara Pewterschmidt
11%
15. Tricia Takanawa
7%
16. Bruce
5%
19. Jake Tucker
4%
20. Evil Monkey
2%
Keine übereinstimmenden Quizze gefunden
Verteilung der Resultate
Anzahl Personen mit jedem Resultat
Perzentil nach korrekt beantworteten Fragen
Ihre Resultats-Entwicklung
Sie haben dieses Quiz noch nicht gespielt